000 00762nam a2200253Ia 4500
003 OSt
005 20221006160952.0
006 a|||||r|||| 00| 0
007 ta
008 221006b |||||||| |||| 00| 0 eng d
020 _a9786133265448
024 _a46,994
037 _cTextual
040 _aEASL
_cEASL
_beng
041 _2eng
_aeng
082 _aV495:19(zM).N94, Q0
100 _aSURHONE Lambert M. & Others Ed.
_9675606
245 0 _aWar memorial of Korea
_b Statue of brothers, Yongsan-Dong, Yongsan-gu
260 _aMaruitius
_bBetascript Publishing Maruitius
_c2010
300 _a103p.
_ccm.
490 _v KEL
942 _hV495:19(zM).N94, Q0
_cTEXL
_2CC
999 _c1115083
_d1115083